000 00452nam a22001697a 4500
005 20251108165213.0
008 250721s1995 xx 000 0 ara d
082 1 4 _a956.004/عبد
100 1 _aرمضان، عبد العظيم
245 1 0 _aهيكل و الكهف الناصري /
264 1 _aالقاهرة :
_c1995.
300 _a74ص
650 1 7 _aتاريخ العرب
650 1 7 _aالمقالات
942 _2ddc
_cBK
999 _c22061
_d22061